Benchmarking Αλυσίδας Εφοδιασμού (Record no. 8631)
[ view plain ]
| 000 -LEADER | |
|---|---|
| fixed length control field | 01398cam a22001934a 4500 |
| 005 - ΗΜΕΡΟΜΗΝΙΑ ΚΑΙ ΩΡΑ ΤΕΛΕΥΤΑΙΑΣ ΕΝΗΜΕΡΩΣΗΣ | |
| Πεδίο ελέγχου | 20250605164342.0 |
| 008 - FIXED-LENGTH DATA ELEMENTS--GENERAL INFORMATION | |
| Πεδίο ελέγχου σταθερού μήκους | 250528s ||||||||||||||||||||||||d |
| 035 ## - SYSTEM CONTROL NUMBER | |
| System control number | 23634 |
| 040 ## - ΠΗΓΗ ΚΑΤΑΛΟΓΟΓΡΑΦΗΣΗΣ | |
| Φορέας πρωτότυπης καταλογογράφησης | MC Athens Campus Library |
| Γλώσσα καταλογογράφησης | Ελληνικά, Μοντέρνα (1453-) |
| Modifying agency | MC Athens Campus Library |
| Κανόνες περιγραφικής καταλογογράφησης | AACR2 |
| 245 1# - ΤΙΤΛΟΣ ΚΑΙ ΔΗΛΩΣΗ ΥΠΕΥΘΥΝΟΤΗΤΑΣ | |
| Τίτλος | Benchmarking Αλυσίδας Εφοδιασμού |
| 260 ## - PUBLICATION, DISTRIBUTION, ETC. | |
| Date of publication, distribution, etc. | 2011 |
| 300 ## - PHYSICAL DESCRIPTION | |
| Extent | 40 |
| 520 ## - SUMMARY, ETC. | |
| Summary, etc. | Ευχαριστίες, Εισαγωγή, Αλυσίδα Εφοδιασμού - Logistics, Πεδία Εφαρμογής, Εφοδιαστική Αλυσίδα, Πληροφοριακά Συστήματα, Περιγραφή Συγκριτικής Αξιολόγησης και η Τεχνική της, Στόχοι και Μεθοδολογία της Τεχνικής Αξιολόγησης, Εφαρμογή, Διαδικασία Εφαρμογής, Καταγραφή και Ανάλυση Αποτελεσμάτων, Παρουσίαση Εταιρίας, Έλεγχος και Διαχείριση Αποθεμάτων, Διαδικασία Διακίνησης Προϊόντων και Reverse Logistics, Αποτελέσματα και Προτάσεις Βελτιστοποίησης, Συμπεράσματα, Πίνακας Σχημάτων, Βιβλιογραφία. |
| 700 1# - ΠΡΟΣΘΕΤΗ ΑΝΑΓΡΑΦΗ--ΦΥΣΙΚΟ ΠΡΟΣΩΠΟ | |
| Personal name | Καραβαγγέλη Μίργιαμ |
| 9 (RLIN) | 9227 |
| 700 1# - ΠΡΟΣΘΕΤΗ ΑΝΑΓΡΑΦΗ--ΦΥΣΙΚΟ ΠΡΟΣΩΠΟ | |
| Personal name | Πρόντζας Παναγιώτης |
| 9 (RLIN) | 9225 |
| 942 ## - ADDED ENTRY ELEMENTS (KOHA) | |
| Koha item type | Διπλωματική εργασία |
| Τύπος τεκμηρίου | Βιβλιοθήκη | Τρέχουσα τοποθεσία | Barcode | Ημερομηνία απόκτησης | Ταξιθετικό σύμβολο | Αριθμός αντιτύπου | Κατάσταση απόσυρσης | Κατάσταση χαμένου | Κατάσταση κατεστραμμένου | Μη δανεισμός | Σύνολο δανεισμών | Ημερομηνία τελευταίας εμφάνισης | Η τιμή ισχύει από |
|---|---|---|---|---|---|---|---|---|---|---|---|---|---|
| Διπλωματική εργασία | MC Athens Campus Library | MC Athens Campus Library | 9780000086303 | 05/06/2025 | BUS 2011 (16) | 1 | 05/06/2025 | 05/06/2025 |